| 000 | 00000nam##2200000za#4500 |
| 001 | 9.695775 |
| 003 | CaOODSP |
| 005 | 20210624234729 |
| 007 | cr ||||||||||| |
| 008 | 150407|2001||||xxc|||||o f|0| 0 eng|d |
| 040 | |aCaOODSP|beng |
| 043 | |an-cn--- |
| 086 | 1 |aCP32-75/2001E-PDF |
| 110 | 1 |aCanada. |bPrivy Council Office. |
| 245 | 13|aAn accord between the Government of Canada and the voluntary sector |h[electronic resource] |
| 246 | 1 |iAt head of title : |aVoluntary Sector Initiative |
| 260 | |aOttawa - Ontario : |bPrivy Council Office |cDecember 2001. |
| 300 | |a25p. |
| 500 | |aThe catalogue number (CP32-75-2001) and ISBN (0-662-66216-4) for the bilingual print edition have been incorrectly copied in this electronic publication. |
| 590 | |a12-14-Supp|b2012-04-10 |
| 690 | 07|aVolunteer work|2gcpds |
| 775 | 08|tAccord entre le gouvernement du Canada et le secteur bénévole et communautaire |w(CaOODSP)9.639897 |
| 776 | 0#|tAn accord between the Government of Canada and the voluntary sector |w(CaOODSP)9.663361 |
| 776 | 0#|tAccord entre le gouvernement du Canada et le secteur bénévole et communautaire |w(CaOODSP)9.663362 |
| 856 | 40|ahttp://publications.gc.ca|qPDF|s2.36 MB|uhttps://publications.gc.ca/collections/Collection/CP32-75-2001E.pdf |